| 000 | 01201nam a2200241Ii 4500 | ||
|---|---|---|---|
| 003 | JO-AjNU | ||
| 005 | 20240626140112.0 | ||
| 008 | 230605s9999||||xx |||||||||||||| ||und|| | ||
| 040 |
_aJO-AjNU _bara _erda _cJO-AjNU |
||
| 041 | _aara | ||
| 050 | 1 | 4 | _aJF1358.2022 |
| 100 | 1 |
_aالشرع، محمود محمد محمد غازي _eمعد _965713 |
|
| 245 | 0 |
_aاثر الادارة بالشفافية في تحقيق السمعة التنظيمية في الجمارك الاردنية = The Impact of Management by Transparenc in Achieving Regulatory Reputation in the Jordan Customs / _cاعداد محمود محمد محمد غازي الشرع؛ اشراف علي فلاح مفلح الزعبي |
|
| 264 | 3 | 1 | _a2022 |
| 300 | _a111 ورقة | ||
| 336 |
_atext _btxt _2rdacontent |
||
| 337 |
_aunmediated _bn _2rdamedia |
||
| 338 |
_avolume _bnc _2rdacarrier |
||
| 500 | _aرسالة جامعية(اطروحة ماجستير) تخصص ادارة الاعمال/كلية ادارة الاعمال، جامعة عجلون الوطنية، 2022 | ||
| 650 | 4 |
_aادارة عامه-تنظيم اداري _962410 |
|
| 700 | 1 |
_aالزعبي، علي فلاح مفلح _959270 _eمشرف |
|
| 942 |
_2lcc _cTHS |
||
| 999 |
_c31827 _d31827 |
||